| 000 | 00787cab a2200229 4500 | ||
|---|---|---|---|
| 001 | WB3121-31 | ||
| 008 | 090401t1995 xxu||||| |||| 00| 0 eng d | ||
| 035 | _a(Sirsi) u18369 | ||
| 041 | _aeng | ||
| 245 | _aRight to buy | ||
| 260 | _c1995 | ||
| 350 | _a0 | ||
| 490 |
_aEstates Gazette Case Summaries _v1995 EGCS 86 (27/5/95) |
||
| 520 | _a"Milne-Berry v Tower Hamlets LBC" 15 May 1995 upheld the tenant`s right to buy his council house at agreed discounted price. Notices were valid despite error in form although landlord defendant had waivered them. | ||
| 650 | _aCOUNCIL HOUSES | ||
| 650 | _aDISCOUNTED PRICE | ||
| 650 | _aHOUSING ACT 1980 | ||
| 650 | _aRIGHT TO BUY | ||
| 690 | _aLANDLORD AND TENANT-CASE LAW-RESIDENTIAL TENANCIES | ||
| 942 | _n0 | ||
| 948 | _c04/03/1997 | ||
| 999 |
_c12201 _d12201 |
||